Homoisopogon a from Ophiopogon japonicus induces apoptosis in A549 – a non small cell lung cancer cell line /

Spremljeno u:
Bibliografski detalji
Glavni autor: Nguyen Dinh Chung.
Daljnji autori: Jeong-Hyung Lee., Le Thi Van Anh., Nguyen Hai Dang., Nguyen Tien Dat.
Format: Članak
Jezik:Vietnamese
Teme:
Oznake: Dodaj oznaku
Bez oznaka, Budi prvi tko označuje ovaj zapis!
Thư viện lưu trữ: Thư viện Trường Đại học Đà Lạt
LEADER 01030nam a2200337 4500
001 DLU210195568
005 ##20210107
040 # # |a DLU  |b vie 
041 # # |a vie 
044 # # |a vn 
100 # # |a Nguyen Dinh Chung. 
245 # # |a Homoisopogon a from Ophiopogon japonicus induces apoptosis in A549 – a non small cell lung cancer cell line /  |c Nguyen Dinh Chung, ...[et al.]. 
653 # # |a Apoptosis 
653 # # |a EGFR-TKI 
653 # # |a Homoisopogon A 
653 # # |a Non-small cell lung cancer  
653 # # |a Ophigopogon japonicus 
700 # # |a Jeong-Hyung Lee. 
700 # # |a Le Thi Van Anh. 
700 # # |a Nguyen Hai Dang. 
700 # # |a Nguyen Tien Dat. 
773 # # |t Tạp chí Công nghệ Sinh học  |g Số 15(2), 2017, tr. 237-241. 
920 # # |a Phòng Tạp chí -- Trung tâm Thông tin - Thư viện Trường Đại học Đà Lạt 
994 # # |a DLU 
900 # # |a True 
911 # # |a Hoàng Thị Huyền 
925 # # |a G 
926 # # |a A 
927 # # |a BB 
980 # # |a Thư viện Trường Đại học Đà Lạt